[Event "JUG-chT"]
[Site "Tivat"]
[Date "1995.??.??"]
[Round "11"]
[White "Govedarica, Radovan"]
[Black "Vukovic, Zdravko"]
[Result "1/2-1/2"]
[WhiteElo "2430"]
[BlackElo "2470"]

1.e4 c5 2.Nf3 Nc6 3.d4 cxd4 4.Nxd4 Nf6 5.Nc3 d6 6.Bg5 e6 7.Qd2 Be7 8.O-O-O O-O
9.f4 h6 10.Bxf6 Bxf6 11.Nxc6 bxc6 12.Qxd6 Qb6 13.e5 Rd8 14.Qa3 Qe3+ 15.Kb1 Rxd1+
16.Nxd1 Qxa3 17.bxa3 Be7 18.c3 Bxa3 19.Kc2 Rb8 20.Bc4 c5 21.Re1 Bb7 22.g4 Bf3
23.h3 h5 24.gxh5 Bxh5 25.Be2 Bg6+ 26.Bd3 Bh5 27.Re4 Rd8 28.Nf2 Rb8 29.Nd1  1/2-1/2

[Event "Tomo Zupan op"]
[Site "Tomo Zupan"]
[Date "1995.??.??"]
[Round "3"]
[White "Kavcic, Uros"]
[Black "Gaspersic, M."]
[Result "1-0"]
[WhiteElo "1975"]
[BlackElo "1840"]

1.e4 c5 2.Nf3 d6 3.d4 cxd4 4.Nxd4 Nf6 5.Nc3 Nc6 6.Bg5 e6 7.Qd2 a6 8.O-O-O Be7
9.f4 Qc7 10.Be2 b5 11.Bf3 Bb7 12.Bxf6 gxf6 13.f5 Nxd4 14.Qxd4 e5 15.Qf2 O-O-O
16.Rd3 Kb8 17.Rhd1 Rc8 18.R1d2 Qa5 19.Kb1 Rc4 20.Qe3 Qb4 21.Nd5 Bxd5 22.Rxd5 Kb7
23.c3 Qa5 24.Be2 Rc7 25.c4 Rhc8 26.b4 Qxb4+ 27.Rb2 Qe1+ 28.Rd1 Qa5 29.cxb5 Qc3
30.bxa6+ Ka8 31.Qxc3 Rxc3 32.Bh5 d5 33.a4 d4 34.Bxf7 Rb8 35.Bd5+ Ka7 36.Rb7+ Rxb7+
37.axb7 Bb4 38.Rc1 Rxc1+ 39.Kxc1 Bd6 40.g4 h6 41.h4 Be7 42.Kc2 Bb4 43.Kd3 Be1
44.g5 fxg5 45.hxg5 hxg5 46.f6 Bb4 47.Ke2 g4 48.Be6 g3 49.Kf3 d3 50.Kxg3 Kxb7
51.Kf3 Bc5 52.Bc4 d2 53.Bb3 Kc7 54.Kg4 Kd7 55.Kf5 Bd6 56.a5 Bb8 57.Kg6 Ke8
58.Kg7  1-0

[Event "FRA-chB"]
[Site "Toulouse"]
[Date "1995.??.??"]
[Round "2"]
[White "Roser, Kevin"]
[Black "Hartereau, Philippe"]
[Result "1-0"]
[WhiteElo "2145"]
[BlackElo "2230"]

1.e4 c5 2.Nf3 Nc6 3.d4 cxd4 4.Nxd4 Nf6 5.Nc3 d6 6.Bg5 Bd7 7.Be2 Qa5 8.Bxf6 gxf6
9.Nb3 Qg5 10.g3 f5 11.f4 Qg6 12.Bh5 Qe6 13.Nd4 Nxd4 14.Qxd4 Rg8 15.O-O-O Bg7
16.e5 Bc6 17.Rhe1 Qh6 18.Nd5 Rd8 19.Bf3 Kf8 20.Qxa7 e6 21.Qa5 Re8 22.Nc7 Bxf3
23.Nxe8 Bxd1 24.Qd8 Bxe5 25.Nf6+ Kg7 26.Nxg8  1-0

[Event "FRA-ch"]
[Site "Toulouse"]
[Date "1995.??.??"]
[Round "8"]
[White "Degraeve, Jean Marc"]
[Black "Santo Roman, Marc"]
[Result "1/2-1/2"]
[WhiteElo "2410"]
[BlackElo "2485"]

1.e4 c5 2.Nf3 d6 3.d4 cxd4 4.Nxd4 Nf6 5.Nc3 Nc6 6.Bg5 e6 7.Qd2 a6 8.O-O-O h6
9.Bf4 Bd7 10.Nxc6 Bxc6 11.f3 d5 12.exd5 Nxd5 13.Nxd5 Qxd5 14.Qxd5 Bxd5 15.Bd3 Be7
16.Rhe1 Bg5 17.Bxg5 hxg5 18.h3 Ke7 19.Be4 Bxe4 20.Rxe4 Rhd8 21.Red4 Rxd4
22.Rxd4 Rc8 23.Kd2 Rc7 24.c3 f5 25.Ke3 Kf6 26.Rb4  1/2-1/2

[Event "Trelew Clarin-GP"]
[Site "Trelew"]
[Date "1995.??.??"]
[Round "1"]
[White "Laplaza, Jorge"]
[Black "Zarnicki, Pablo"]
[Result "0-1"]
[WhiteElo "2210"]
[BlackElo "2570"]

1.e4 c5 2.Nf3 d6 3.d4 cxd4 4.Nxd4 Nf6 5.Nc3 Nc6 6.Bg5 e6 7.Qd2 a6 8.O-O-O h6
9.Bh4 Nxe4 10.Qf4 Ng5 11.Nxc6 bxc6 12.Qa4 Qb6 13.f4 Nh7 14.f5 Rb8 15.fxe6 Bxe6
16.Bc4 g5 17.Bxe6 fxe6 18.Bf2 Qxb2+ 19.Kd2 Bg7 20.Qxc6+ Kf7 21.Qd7+ Kg6 22.Qxe6+ Bf6
23.Qe4+ Kg7 24.Bd4 Rhe8 25.Bxf6+ Nxf6 26.Qd4 Rb4 27.Qa7+ Kg6 28.Rhf1 Ne4+
29.Nxe4 Rd4+ 30.Ke3 Rexe4+ 31.Kf3 Qc3+ 32.Rd3 Rxd3+  0-1

[Event "SVK-ch"]
[Site "Trencin"]
[Date "1995.??.??"]
[Round "3"]
[White "Betko, Lubomir"]
[Black "Banas, Jan"]
[Result "1/2-1/2"]
[WhiteElo "2185"]
[BlackElo "2375"]

1.e4 c5 2.Nf3 d6 3.d4 cxd4 4.Nxd4 Nf6 5.Nc3 Nc6 6.Bg5 e6 7.Bb5 Bd7 8.Bxc6 bxc6
9.Qf3 Qb6 10.O-O-O Be7 11.Nb3 e5 12.Bxf6 gxf6 13.Nd2 Be6 14.Nf1 Rb8 15.b3 Qb4
16.Rd3 Qa3+ 17.Kd2 Rb4 18.Ne3 Rd4 19.Rd1 Rxd3+ 20.cxd3 Rg8 21.Rc1 Rg6 22.Rc2 Qa5
23.Qh5 Bf8 24.Qxh7 Rh6 25.Qg8 Rg6 26.Qh7  1/2-1/2

[Event "SVK-ch"]
[Site "Trencin"]
[Date "1995.??.??"]
[Round "11"]
[White "Gazik, Igor"]
[Black "Kebis, Milos"]
[Result "0-1"]
[WhiteElo "2385"]
[BlackElo "2150"]

1.e4 c5 2.Nf3 Nc6 3.d4 cxd4 4.Nxd4 d6 5.Nc3 Nf6 6.Bg5 e6 7.Qd2 a6 8.O-O-O Bd7
9.f4 Qa5 10.Nf3 Rd8 11.Qe1 Be7 12.e5 dxe5 13.fxe5 Ng4 14.Bxe7 Nxe7 15.h3 Nh6
16.Bd3 O-O 17.Qe4 Nhf5 18.Qxb7 Bc8 19.Qe4 g6 20.Qf4 Bb7 21.g4 Bxf3 22.Qxf3 Nd4
23.Qf4 Qb4 24.Ne4 Nd5 25.Qd2 Qb6 26.Nf6+ Kg7 27.Kb1 Nf3 28.Qg2 Nc3+ 29.Ka1 Nxd1
30.Rxd1 Nxe5 31.Ne4 Qe3 32.Qf1 f6 33.Re1 Qd4 34.Nc3 Ra8 35.Ne2 Qb4  0-1

[Event "Vienna op"]
[Site "Vienna"]
[Date "1995.??.??"]
[Round "8"]
[White "Landa, Konstantin"]
[Black "Tolnai, Tibor"]
[Result "1/2-1/2"]
[WhiteElo "2515"]
[BlackElo "2455"]

1.e4 c5 2.Nf3 d6 3.d4 cxd4 4.Nxd4 Nf6 5.Nc3 Nc6 6.Bg5 e6 7.Qd2 a6 8.Be2 h6
9.Be3 Be7 10.f4 Bd7 11.a4 Nxd4 12.Bxd4 Bc6 13.Bf3 O-O 14.O-O Nd7 15.Be3 Rc8
16.Ne2 Nc5 17.Nc3 Nd7 18.Ne2 Nc5 19.Nc3 Nd7 20.Ne2 Nc5 21.Nc3  1/2-1/2

[Event "Villalba op"]
[Site "Villalba"]
[Date "1995.??.??"]
[Round "6"]
[White "Lanka, Zigurds"]
[Black "Bernal Moro, Luis Javier"]
[Result "1/2-1/2"]
[WhiteElo "2480"]
[BlackElo "2400"]

1.e4 c5 2.Nf3 d6 3.d4 cxd4 4.Nxd4 Nf6 5.Nc3 Nc6 6.Bg5 h6 7.Bxf6 gxf6 8.Nb3 f5
9.exf5 Bxf5 10.Bd3 Qd7 11.O-O Rg8 12.f4 Bxd3 13.Qxd3 O-O-O 14.Kh1 Kb8 15.Nd5 Bg7
16.Rad1 e6 17.Ne3 Qc7 18.c3 d5 19.Qe2 d4 20.cxd4 Nxd4 21.Nxd4 Bxd4 22.Nc4 Qc5
23.b3 Rd5 24.a4 Rgd8 25.h3 a6 26.Rd3 Qb4 27.f5 Bc5 28.Rxd5 exd5 29.Qd3 f6
30.Rd1 Re8 31.Nd2 Bb6 32.Nf1 Re5 33.Nd2 Ka7 34.Nf3 Re3 35.Qxd5 Rxb3 36.a5 Bxa5
37.Nd2 Rc3 38.Rb1 Rc5 39.Qf3 Rc3 40.Qd5 Rc5 41.Qf3 Rc3  1/2-1/2

[Event "Sonnevanck-B"]
[Site "Wijk aan Zee"]
[Date "1995.??.??"]
[Round "1"]
[White "Los, Sander"]
[Black "Reeh, Oliver"]
[Result "1/2-1/2"]
[WhiteElo "2365"]
[BlackElo "2450"]

1.e4 c5 2.Nf3 d6 3.d4 cxd4 4.Nxd4 Nf6 5.Nc3 Nc6 6.Bg5 e6 7.Qd2 a6 8.O-O-O Bd7
9.f3 Be7 10.h4 b5 11.Nxc6 Bxc6 12.Ne2 h6 13.Nd4 Bd7 14.Be3 e5 15.Nf5 Bxf5
16.exf5 d5 17.Kb1 O-O 18.g4 d4 19.Qh2 Nd5 20.Bc1 Bd6 21.g5 h5 22.f4 Nxf4
23.Bxf4 exf4 24.Qe2 d3 25.Qxh5 dxc2+ 26.Kxc2 Qc7+ 27.Kb1 Be5 28.Bd3 Rfd8
29.Be4 Rxd1+ 30.Rxd1 Rd8 31.Bd5 Kf8 32.f6 gxf6 33.Qh6+ Ke7 34.Qg7 Rxd5 35.Rxd5 Qc4
36.Rxe5+ fxe5 37.Qxe5+ Kf8 38.Qd6+ Kg8 39.Qf6 Qd3+ 40.Kc1 f3 41.h5 Qf1+ 42.Kd2 Qe2+
43.Kc3 Qc4+ 44.Kd2 Qe2+ 45.Kc3 Qe3+ 46.Kc2 Qe2+  1/2-1/2

[Event "Sonnevanck-A"]
[Site "Wijk aan Zee"]
[Date "1995.??.??"]
[Round "2"]
[White "Rogers, Ian"]
[Black "Nijboer, Friso"]
[Result "1/2-1/2"]
[WhiteElo "2570"]
[BlackElo "2510"]

1.e4 c5 2.Nf3 Nc6 3.d4 cxd4 4.Nxd4 Nf6 5.Nc3 d6 6.Bg5 e6 7.Qd2 a6 8.O-O-O Bd7
9.Kb1 h6 10.Be3 b5 11.f3 Ne5 12.Bd3 Qc7 13.Rhe1 Nc4 14.Bxc4 Qxc4 15.Qd3 Rc8
16.Qxc4 Rxc4 17.Nb3 Be7 18.Bf4 e5 19.Bc1 O-O 20.Nd2 Rc7 21.Nf1 b4 22.Ne2 Be6
23.Ne3 Rc5 24.c4 Bxc4 25.Nf5 Re8 26.Nxd6 Bxd6 27.Rxd6 Re6 28.Rdd1 Rc7 29.b3 Bb5
30.Ng3 Nd7 31.Be3 Nc5 32.Bxc5 Rxc5 33.Nf5 Kh7 34.Kb2 g6 35.Ne3 Kg7 36.Rd2 Rec6
37.Red1 h5 38.h4 a5 39.Rd5 Rc7 40.R1d2 Rc8 41.a3 Rxd5 42.Rxd5 Rc3 43.Nc2 Bd3
44.Ne1 Bf1 45.axb4 axb4 46.Rd2 f5 47.exf5 gxf5 48.Nc2 e4 49.fxe4 fxe4 50.Rf2 Bb5
51.Rf5 Be8 52.Rg5+ Kf8 53.Nxb4 Re3 54.Nd5 Rd3 55.Nf6 Bf7 56.Nxe4 Rxb3+ 57.Kc2 Re3
58.Ng3 Ra3 59.Ne4 Re3 60.Nd2 Ke7 61.Nf3 Kf6 62.Kd2 Re4 63.g3 Be6 64.Rxh5 Bg4
65.Rh8 Kg7 66.Rh7+ Kg6 67.Rf7 Kh5 68.Kd3 Re8 69.Ng5 Re1 70.Ne4 Be6 71.Rf4 Bc8
72.Kd2 Ra1 73.Nf6+ Kg6 74.g4 Rh1 75.g5 Rh3 76.Ke2 Bb7 77.Kf2 Bc6 78.Rc4 Bb7
79.Rb4 Bc6 80.Rf4 Bb7 81.Rc4 Rf3+ 82.Ke1 Rh3 83.Kd2 Ba8 84.Ng8 Kh5 85.Nf6+ Kg6
86.Rf4 Bc6 87.Ke2 Bb7 88.Kf2 Bc6 89.Rb4 Ba8 90.Ng8 Kh5 91.Ne7 Rxh4 92.Rb5 Rf4+
93.Kg3 Rg4+ 94.Kh3 Rh4+ 95.Kg3 Rg4+  1/2-1/2

[Event "Sonnevanck"]
[Site "Wijk aan Zee"]
[Date "1995.??.??"]
[Round "3"]
[White "Van den Doel, Erik"]
[Black "Riemersma, Liafbern"]
[Result "1-0"]
[WhiteElo "2305"]
[BlackElo "2430"]

1.e4 c5 2.Nf3 d6 3.d4 cxd4 4.Nxd4 Nf6 5.Nc3 Nc6 6.Bg5 e6 7.Qd2 a6 8.O-O-O h6
9.Be3 Be7 10.f4 Bd7 11.Bd3 Ng4 12.Bg1 Nxd4 13.Bxd4 e5 14.Bg1 exf4 15.Nd5 Ne3
16.Nxe3 fxe3 17.Bxe3 Be6 18.Kb1 O-O 19.Rhf1 Bf6 20.Be2 Be5 21.Bf4 Qe8 22.Bxe5 dxe5
23.Qb4 Rc8 24.Rd6 Qe7 25.Rfd1 Qh4 26.Qxb7 Qf2 27.R6d2 Qxg2 28.Bxa6 Qf3 29.Bd3 Qe3
30.Be2 Rb8 31.Qc7 Qa3 32.b3 Ra8 33.c4 Ra5 34.Qd6 Rc5 35.Qb6 Ra5 36.Rc2 Rfa8
37.h3 Kh7 38.Bg4 R5a6 39.Qf2 Bxg4 40.hxg4 Rf6 41.Qd2 Rf3 42.Rb2 Ra6 43.Rc1 Raf6
44.c5 Qa6 45.b4 Rf1 46.b5 Qa4 47.Qd3 Rxc1+ 48.Kxc1 Rf4 49.a3 Rxg4 50.Rc2 Qa5
51.c6 Qc7 52.Kb2 Rg1 53.Qe3 Rg6 54.b6 Qc8 55.c7 Rd6 56.Qb3  1-0

[Event "Hoogovens op"]
[Site "Wijk aan Zee"]
[Date "1995.??.??"]
[Round "7"]
[White "Tiviakov, Sergei"]
[Black "Leko, Peter"]
[Result "1-0"]
[WhiteElo "2625"]
[BlackElo "2555"]

1.e4 c5 2.Nf3 d6 3.d4 cxd4 4.Nxd4 Nf6 5.Nc3 Nc6 6.Bg5 e6 7.Qd2 Be7 8.O-O-O Nxd4
9.Qxd4 O-O 10.f4 Qa5 11.Bc4 Bd7 12.e5 dxe5 13.fxe5 Bc6 14.Bd2 Nd7 15.Nd5 Qd8
16.Nxe7+ Qxe7 17.Rhe1 Rfd8 18.Bf1 Nf8 19.Qg4 Qc5 20.Qb4 Qf2 21.Qf4 Qb6 22.Qe3 Ng6
23.g3 Rd5 24.Bc3 Qc7 25.Rxd5 Bxd5 26.Kb1 a6 27.Rd1 Rc8 28.Bd3 Ne7 29.Bb4 Nf5
30.Qf4 h6 31.g4 Nh4 32.Bd6 Qd7 33.c4 Ng6 34.Qd4 Bc6 35.Qf2 Qd8 36.Bc2 Qh4
37.Rf1 Qxf2 38.Rxf2 Nf8 39.h4 Ng6 40.Bxg6 fxg6 41.b3 g5 42.h5 g6 43.hxg6 Kg7
44.Kc1 Re8 45.Kd2 Be4 46.Ke3 Bxg6 47.Kd4 h5 48.gxh5 Bxh5 49.Kc5 Bg6 50.Re2 b5
51.cxb5 axb5 52.Rg2 Kh6 53.Kxb5 Be4 54.Rg3 Kh5 55.a4 g4 56.b4 Kh4 57.Rc3 Bd5
58.a5 g3 59.a6 g2 60.Bc5 Kg4 61.Rc1 Rc8 62.Kb6 Kf5 63.Re1 Rb8+ 64.Ka5 Bc4
65.a7 Rc8 66.Kb6 Bd5 67.b5 Kf4 68.Bg1 Kf5 69.Rd1 Be4 70.Rd4 Ba8 71.Rd7 Rc1
72.Rd8 Be4 73.Rf8+ Kxe5 74.Bh2+ Kd4 75.Rf4 Ra1 76.Rxe4+ Kxe4 77.Kb7 Rh1 78.a8=Q Rxh2
79.Ka6+ Ke3 80.Qa7+ Kf3 81.Qf7+ Kg3 82.Qc7+ Kh3 83.Qc3+ Kg4 84.Qd4+ Kf3 85.Qf6+ Ke2
86.Qe5+  1-0

[Event "Wrexham"]
[Site "Wrexham"]
[Date "1995.??.??"]
[Round "2"]
[White "Hartman, Christer"]
[Black "Neffe, Axel"]
[Result "1/2-1/2"]
[WhiteElo "2345"]
[BlackElo "2245"]

1.e4 c5 2.Nf3 Nc6 3.d4 cxd4 4.Nxd4 Nf6 5.Nc3 d6 6.Bg5 e6 7.Qd2 a6 8.O-O-O Bd7
9.f4 b5 10.Bxf6 gxf6 11.Nf3 Qa5 12.Kb1 O-O-O 13.Bd3 Be7 14.f5 Kb8 15.Rhf1 Rc8
16.Ne2 Qxd2 17.Rxd2 Rhg8 18.Nf4 Nb4 19.a3 Nxd3 20.cxd3 exf5 21.Nd5 Bd8 22.Nd4 Rg5
23.Nxf5 Bxf5 24.exf5 Rc5 25.Ne3 Re5 26.Rf3 Bb6 27.d4 Re4 28.Nc2 Rgg4 29.Rh3 Rh4  1/2-1/2

[Event "Bayern-ch"]
[Site "Wuerzburg"]
[Date "1995.??.??"]
[Round "5"]
[White "Reis, Gerhard"]
[Black "Kreaussling, A."]
[Result "0-1"]
[WhiteElo "2265"]
[BlackElo "2290"]

1.e4 c5 2.Nf3 d6 3.d4 cxd4 4.Nxd4 Nf6 5.Nc3 Nc6 6.Bg5 e6 7.Qd2 a6 8.O-O-O Bd7
9.f4 b5 10.Nxc6 Bxc6 11.Qe1 Be7 12.a3 Qc7 13.Bd3 Rb8 14.e5 dxe5 15.fxe5 Nd5
16.Bxe7 Nxe7 17.Qg3 O-O 18.Ne4 Bxe4 19.Bxe4 b4 20.Rd6 Nf5 21.Bxf5 exf5 22.Rhd1 Rfc8
23.R1d2 f4 24.Qd3 bxa3 25.Qxa3 h6 26.Qa2 Kh8 27.Qd5 Re8 28.Re2 Rb5 29.Rd7 Rxd5
30.Rxc7 Kg8 31.Rc6 Rdxe5 32.Rxe5 Rxe5 33.Rxa6 Re2 34.b4 Rxg2 35.Ra8+ Kh7
36.Ra3 Rxh2 37.b5 Re2 38.Kd1 Re4  0-1

[Event "Zadar op"]
[Site "Zadar"]
[Date "1995.??.??"]
[Round "?"]
[White "Fercec, Nenad"]
[Black "Biliskov, Vjekoslav"]
[Result "1-0"]
[WhiteElo "2410"]
[BlackElo "2320"]

1.e4 c5 2.Nf3 d6 3.d4 cxd4 4.Nxd4 Nf6 5.Nc3 Nc6 6.Bg5 e6 7.Qd2 a6 8.O-O-O h6
9.Be3 Be7 10.f4 Nxd4 11.Bxd4 b5 12.Bd3 Bb7 13.Kb1 b4 14.Ne2 O-O 15.Qxb4 Qc7
16.Qc3 Qb8 17.Ng3 Rc8 18.Qe1 Bc6 19.e5 dxe5 20.fxe5 Nd5 21.Nh5 Nb4 22.Qg3 g5
23.h4 Nxd3 24.hxg5 Bxg5 25.Nf6+ Kf8 26.Rxd3 Bb5 27.Nh7+ Ke7 28.Rdd1 Qc7 29.Qa3+  1-0

[Event "Zadar op"]
[Site "Zadar"]
[Date "1995.??.??"]
[Round "?"]
[White "Palac, Mladen"]
[Black "Biliskov, Vjekoslav"]
[Result "1-0"]
[WhiteElo "2545"]
[BlackElo "2320"]

1.e4 c5 2.Nf3 d6 3.d4 cxd4 4.Nxd4 Nf6 5.Nc3 Nc6 6.Bg5 e6 7.Qd2 a6 8.O-O-O h6
9.Be3 Be7 10.f4 Nxd4 11.Bxd4 b5 12.Bd3 Bb7 13.Kb1 O-O 14.e5 dxe5 15.fxe5 Nd5
16.Ne4 f5 17.exf6 Nxf6 18.Nc5 Bd5 19.Qe2 Qc8 20.Ne4 Qc6 21.Rhe1 Rae8 22.Bxf6 Bxf6
23.Qh5 Be7 24.Nc3 Bxg2 25.Qg6 Rf6 26.Qh7+ Kf7 27.Be4 Bxe4 28.Nxe4 Rc8 29.Rg1 Qxc2+
30.Ka1 Ke8 31.Nxf6+ Bxf6 32.Qg8+ Ke7 33.Rxg7+ Bxg7 34.Qxg7+ Ke8 35.Qd7+ Kf8
36.Rf1+ Kg8 37.Qxe6+ Kh8 38.Qe5+ Kg8 39.Rg1+  1-0

[Event "EU-ch U18"]
[Site "Zagan"]
[Date "1995.??.??"]
[Round "2"]
[White "Socko, Bartosz"]
[Black "Swol, Michal"]
[Result "1-0"]
[WhiteElo "2485"]
[BlackElo "2325"]

1.e4 c5 2.Nf3 Nc6 3.d4 cxd4 4.Nxd4 Nf6 5.Nc3 d6 6.Bg5 e6 7.Qd2 a6 8.O-O-O h6
9.Be3 Bd7 10.f3 b5 11.g4 Nxd4 12.Qxd4 Qc7 13.h4 Bc6 14.Bh3 b4 15.Qxb4 d5
16.Qb6 Qxb6 17.Bxb6 dxe4 18.fxe4 Bb4 19.Bd4 Nxe4 20.Bg2 Bxc3 21.Bxc3 O-O
22.Bd4 Rac8 23.Rhe1 f5 24.gxf5 exf5 25.b3 g5 26.hxg5 hxg5 27.Bf1 Bb5 28.c4 Bc6
29.Kb2 Rce8 30.c5 Bb5 31.Bg2 Bc6 32.Rh1 Re6 33.Rh5 g4 34.Rdh1 Ng3 35.Rg5+ Kf7
36.Rh7+ Ke8 37.Bxc6+ Rxc6 38.Rgg7 Ne4 39.Ra7 Kd8 40.Be5 Rxc5 41.Ra8+  1-0

[Event "EU-ch U18"]
[Site "Zagan"]
[Date "1995.??.??"]
[Round "3"]
[White "Van den Doel, Erik"]
[Black "Stocek, Jiri"]
[Result "1-0"]
[WhiteElo "2305"]
[BlackElo "2475"]

1.e4 c5 2.Nf3 d6 3.d4 cxd4 4.Nxd4 Nf6 5.Nc3 Nc6 6.Bg5 Bd7 7.Be2 Qa5 8.Bxf6 gxf6
9.O-O Qg5 10.Nf5 Rg8 11.Ng3 f5 12.exf5 Bxf5 13.Nb5 O-O-O 14.Nd4 Bd7 15.Nxc6 Bxc6
16.c4 d5 17.Qc2 dxc4 18.Bxc4 e6 19.Rad1 Rxd1 20.Rxd1 h5 21.Be2 Kb8 22.Bxh5 f5
23.Bf7 Rh8 24.Bxe6 f4 25.Qf5 Be7 26.Qxg5 Bxg5 27.Nf1 Re8 28.Bd5 Bb5 29.Bf3 a6
30.Nd2 Bf6 31.b3 Bd3 32.g3 Bc3 33.Nc4 Be2 34.Bxe2 Rxe2 35.Rd3 fxg3 36.hxg3 Bb4
37.a3 Bc5 38.Rf3 b5 39.Ne3 Bxa3 40.g4 Be7 41.Nd5 Bh4 42.Rf5 Rd2 43.f3 Rd3
44.Nb4 Rxb3 45.Nxa6+ Ka7 46.Nc5 Re3 47.Kg2 b4 48.g5 b3 49.Rf7+ Kb6 50.g6 b2
51.Na4+ Kc6 52.Nxb2 Re6 53.Kh3 Bg5 54.g7 Rg6 55.f4 Bxf4 56.Rf6+ Rxf6 57.g8=Q Bc7
58.Qc4+ Kd7 59.Nd3 Bd6 60.Kg4 Rf8 61.Qd5  1-0

[Event "EU-ch U18"]
[Site "Zagan"]
[Date "1995.??.??"]
[Round "6"]
[White "Rowson, Jonathan"]
[Black "Krakops, Maris"]
[Result "1-0"]
[WhiteElo "2400"]
[BlackElo "2525"]

1.e4 c5 2.Nf3 d6 3.d4 cxd4 4.Nxd4 Nf6 5.Nc3 Nc6 6.Bg5 e6 7.Qd2 a6 8.O-O-O h6
9.Be3 Bd7 10.f4 Be7 11.Qe1 Qc7 12.Nf3 Rc8 13.Bd3 O-O 14.g4 Nxg4 15.Bd2 Qb6
16.Rg1 Nf2 17.Be3 Nxd3+ 18.cxd3 Qa5 19.Kb1 f5 20.Rxg7+ Kxg7 21.Qg1+ Kh7 22.Bb6 Qb4
23.a3 Qb3 24.Nd2 Qxd1+ 25.Qxd1 fxe4 26.dxe4 Rxf4 27.Nc4 Rcf8 28.Qd2 Be8 29.Nxd6 Bg6
30.Ka2 Ne5 31.Nf5 Bg5 32.Qd6 Rf7 33.Qxe5 exf5 34.Bd4 Bf6 35.Qxf4 Bxd4 36.exf5  1-0

[Event "EU-ch U18"]
[Site "Zagan"]
[Date "1995.??.??"]
[Round "9"]
[White "Rowson, Jonathan"]
[Black "Avrukh, Boris"]
[Result "1/2-1/2"]
[WhiteElo "2400"]
[BlackElo "2430"]

1.e4 c5 2.Nf3 d6 3.d4 cxd4 4.Nxd4 Nf6 5.Nc3 Nc6 6.Bg5 e6 7.Qd2 Be7 8.O-O-O Nxd4
9.Qxd4 O-O 10.e5 dxe5 11.Qxe5 Bd7 12.h4 Rc8 13.Rh3 Qc7 14.Qxc7 Rxc7 15.Nb5 Bxb5
16.Bxb5 Rfc8 17.c3 a6 18.Bf1 Ne4 19.Bxe7 Rxe7 20.Rf3 g6 21.Bd3 Nc5 22.Bc2 Rec7
23.Re3 Kg7 24.Re2 Kf6 25.Rd4 Ke7 26.Kd1 Nd7 27.Ke1 Nb6 28.Rb4 Nd5 29.Rd4 Nb6
30.Rb4 Nd5  1/2-1/2

[Event "Zalakaros op"]
[Site "Zalakaros"]
[Date "1995.??.??"]
[Round "2"]
[White "Turzo, Attila"]
[Black "Videki, Sandor"]
[Result "1/2-1/2"]
[WhiteElo "2265"]
[BlackElo "2455"]

1.e4 c5 2.Nf3 d6 3.d4 cxd4 4.Nxd4 Nf6 5.Nc3 Nc6 6.Bg5 e6 7.Qd2 Be7 8.O-O-O O-O
9.f4 Nxd4 10.Qxd4 Qa5 11.Bc4 Bd7 12.e5 dxe5 13.fxe5 Bc6 14.Bd2 Nd7 15.Nd5 Qc5
16.Nxe7+ Qxe7 17.Rhe1 Rfd8 18.Bf1 Nf8 19.Qg4 Qc5 20.Qb4 Qf2 21.Qf4 Qb6 22.Qe3 Qc7
23.Bb4 b6 24.Bd6 Qb7 25.Qg5 Bd5 26.Re3 f6 27.Qh5 f5 28.Rh3 Bxg2 29.Bxg2 Qxg2
30.Rg3 Qb7 31.Rdg1 Rd7 32.Rh3 g6 33.Qh6 Rg7 34.Rhg3 Rc8 35.c3 Qe4 36.Re3 Qd5
37.b3 Qd4 38.Bxf8 Rxc3+ 39.Kb1 Kxf8 40.Rxc3 Qxc3 41.Rd1 Qc7 42.Rd6 Qe7 43.Rc6 Qd7
44.Rd6 Qe7 45.Rc6 Qd7 46.Rd6  1/2-1/2

[Event "Zalakaros op"]
[Site "Zalakaros"]
[Date "1995.??.??"]
[Round "3"]
[White "Ruck, Tamas"]
[Black "Gara, Anita"]
[Result "0-1"]
[WhiteElo "2265"]
[BlackElo "2030"]

1.e4 c5 2.Nf3 d6 3.d4 cxd4 4.Nxd4 Nf6 5.Nc3 Nc6 6.Bg5 e6 7.Qd2 a6 8.O-O-O h6
9.Bh4 Nxe4 10.Nxe4 Qxh4 11.Qe3 d5 12.Nxc6 bxc6 13.Qb6 Qf4+ 14.Nd2 Bd7 15.a3 Rb8
16.Qa7 Bd6 17.g3 Qe5 18.Nb3 c5 19.Bxa6 Ba4 20.Rhe1 Qg5+ 21.f4 Qe7 22.Qxe7+ Bxe7
23.f5 c4 24.Nd4 Rb6 25.Bc8 O-O 26.Nxe6 Rxc8 27.Nf4 Bf6 28.Nxd5 Bxb2+ 29.Kb1 Rbb8
30.Ne7+ Kh7 31.Nxc8 Bc3+ 32.Kc1 Bxe1 33.Nd6 Bf2 34.Nxc4 Rc8 35.Rd2 Be1 36.Rd4 Bc3
37.Re4 Bc6 38.Re7 Bf6 39.Rxf7 Ba4 40.Ne3 Bg5 41.Kd2 Rxc2+ 42.Kd3 Rxh2 43.Ra7 Bb5+
44.Nc4 Rh3 45.a4 Rxg3+  0-1

[Event "Zalakaros op"]
[Site "Zalakaros"]
[Date "1995.??.??"]
[Round "5"]
[White "Almasi, Istvan"]
[Black "Chernyshov, Konstantin"]
[Result "1/2-1/2"]
[WhiteElo "2375"]
[BlackElo "2510"]

1.e4 c5 2.Nf3 Nc6 3.d4 cxd4 4.Nxd4 Nf6 5.Nc3 d6 6.Bg5 e6 7.Qd2 a6 8.O-O-O h6
9.Bh4 Nxe4 10.Qf4 Ng5 11.Nxc6 bxc6 12.Qa4 Qb6 13.f4 Nh7 14.f5 Be7 15.Ne4 Rb8
16.Qa3 Qb4 17.Qxb4 Rxb4 18.Bxe7 Kxe7 19.Nxd6 e5 20.Nxc8+ Rxc8 21.Bxa6 Rcb8
22.Rhe1 f6 23.b3 Ra8 24.Bc4 Rxa2 25.Kb1 Ra8 26.Re3 Rd8 27.Rxd8 Kxd8 28.Rd3+ Ke7
29.Rg3 Kf8 30.h4 Rb8 31.c3 Rd8 32.Kc2 Ra8 33.Kb2 Rd8 34.Kc2 Ra8 35.Kb2 Rd8
36.Ka3 Rd1 37.Kb4 Rh1 38.Rg4 h5 39.Re4 Ke7 40.Kc5 Nf8 41.Kxc6 g6 42.Bd5 Rc1
43.Re3 gxf5 44.c4 Ne6 45.b4 Nd4+ 46.Kb6 Kd6 47.Rd3 f4 48.g3 f3 49.Bxf3 Rxc4
50.b5 f5 51.Bxh5 e4 52.Rd1 Ke5 53.Rb1 Rc3 54.Ka7 Ra3+ 55.Kb8 Rxg3 56.b6 Kd6
57.Rd1 Kc5 58.b7 Rg8+ 59.Kc7 Rg7+ 60.Kc8 Rg8+  1/2-1/2

[Event "Zalakaros op"]
[Site "Zalakaros"]
[Date "1995.??.??"]
[Round "6"]
[White "Groszpeter, Attila"]
[Black "Videki, Sandor"]
[Result "1/2-1/2"]
[WhiteElo "2520"]
[BlackElo "2455"]

1.e4 c5 2.Nf3 d6 3.d4 cxd4 4.Nxd4 Nf6 5.Nc3 Nc6 6.Bg5 e6 7.Qd2 a6 8.O-O-O Bd7
9.f4 h6 10.Bh4 g5 11.fxg5 Ng4 12.Nxc6 Bxc6 13.Be2 Ne5 14.g3 Ng6 15.Rhf1 Be7
16.gxh6 Nxh4 17.gxh4 Bf8 18.Qd4 Rxh6 19.h5 Qg5+ 20.Kb1 Qc5 21.Qd2 Rh7 22.Bg4 Bg7
23.Rf3  1/2-1/2

[Event "Zalakaros op"]
[Site "Zalakaros"]
[Date "1995.??.??"]
[Round "7"]
[White "Fogarasi, Tibor"]
[Black "Varga, Zoltan"]
[Result "1/2-1/2"]
[WhiteElo "2500"]
[BlackElo "2460"]

1.e4 c5 2.Nf3 Nc6 3.d4 cxd4 4.Nxd4 Nf6 5.Nc3 d6 6.Bg5 e6 7.Qd2 a6 8.O-O-O h6
9.Be3 Be7 10.f4 Nxd4 11.Bxd4 b5 12.Bd3 Bb7 13.a3 O-O 14.Kb1 d5 15.e5 Nd7
16.f5 Bc5 17.Bxc5 Nxc5 18.f6 d4 19.Ne2 Nxd3 20.Qxd3 gxf6 21.Qg3+ Kh7 22.Rxd4 Qb8
23.Rd7 Be4 24.Nd4 Qxe5 25.Qxe5 fxe5 26.Nxe6  1/2-1/2

[Event "Zalakaros op"]
[Site "Zalakaros"]
[Date "1995.??.??"]
[Round "9"]
[White "Fogarasi, Tibor"]
[Black "Chernyshov, Konstantin"]
[Result "0-1"]
[WhiteElo "2500"]
[BlackElo "2510"]

1.e4 c5 2.Nf3 Nc6 3.d4 cxd4 4.Nxd4 Nf6 5.Nc3 d6 6.Bg5 e6 7.Qd2 a6 8.O-O-O h6
9.Be3 Nxd4 10.Bxd4 b5 11.f3 Be7 12.Kb1 Bb7 13.g4 b4 14.Na4 Bc6 15.Nb6 Rb8
16.Nc4 d5 17.exd5 Nxd5 18.Be2 Bg5 19.Qe1 O-O 20.Be5 Bh4 21.Qg1 Rb7 22.Nd6 Rd7
23.Ne4 Bb5 24.Bd3 f6 25.Bd4 Qc7 26.Qf1 Bxd3 27.Rxd3 Rc8 28.Qd1 Qc4 29.Qd2 Bg5
30.Qd1 Nf4 31.Rd2 Nd5 32.Rd3 Bf4 33.h4 Rdc7 34.c3 Qb5 35.cxb4 Qxd3+  0-1

[Event "Zalakaros op"]
[Site "Zalakaros"]
[Date "1995.??.??"]
[Round "9"]
[White "Sax, Gyula"]
[Black "Varga, Peter"]
[Result "1-0"]
[WhiteElo "2530"]
[BlackElo "2440"]

1.e4 c5 2.Nf3 Nc6 3.d4 cxd4 4.Nxd4 Nf6 5.Nc3 d6 6.Bg5 e6 7.Qd2 a6 8.O-O-O h6
9.Be3 Qc7 10.f4 Bd7 11.Kb1 Be7 12.h3 Rb8 13.Nf3 b5 14.e5 b4 15.exf6 bxc3
16.Qxc3 Bxf6 17.Bd4 Bxd4 18.Nxd4 O-O 19.Bxa6 d5 20.Bb5 Rb6 21.Bxc6 Bxc6 22.Rd3 Qd6
23.Rg3 f6 24.Re1 Bd7 25.Rf3 Rfb8 26.b3 Rc8 27.Qb2 Ra8 28.Ne2 e5 29.fxe5 fxe5
30.Ng3 d4 31.Ne4 Qb4 32.c3 Qa5 33.Rf2 Bc6 34.Rfe2 d3 35.Re3 Rba6 36.Rxd3 Qxa2+
37.Qxa2 Rxa2 38.Rd8+ Rxd8 39.Kxa2 Kf7 40.Ka3 g5 41.b4 Kg6 42.Kb3 Kf5 43.Ng3+ Ke6
44.Re2 Rd3 45.Ne4 Kf5 46.Nd2 e4 47.Kc4 Ke5 48.Nf3+ Kd6 49.Nd2 Bd5+ 50.Kb5 e3
51.Nc4+ Bxc4+ 52.Kxc4 Rd2 53.Rxe3 Rxg2 54.Kb5 Rf2 55.c4 Rf6 56.c5+ Kd7 57.Ra3 Rg6
58.Ra7+ Kc8 59.Rh7 Kb8 60.c6 g4 61.Kb6 Rg8 62.Rb7+ Kc8 63.Ra7  1-0

[Event "Zalakaros op"]
[Site "Zalakaros"]
[Date "1995.??.??"]
[Round "9"]
[White "Csonka, Attila"]
[Black "Turzo, Attila"]
[Result "0-1"]
[WhiteElo "2020"]
[BlackElo "2265"]

1.e4 c5 2.Nf3 Nc6 3.d4 cxd4 4.Nxd4 Nf6 5.Nc3 d6 6.Bg5 e6 7.f4 a6 8.Qd2 Bd7
9.Be2 b5 10.Bf3 Rc8 11.Nxc6 Bxc6 12.Qd4 Be7 13.O-O O-O 14.Kh1 Qc7 15.e5 dxe5
16.fxe5 Rfd8 17.Qf4 Nd5 18.Nxd5 Bxd5 19.Bh5 Bxg5 20.Bxf7+ Kh8 21.Qxg5 Qxc2
22.Qg4 Rc4 23.Qg5 Rdc8 24.b3 R4c7 25.Bh5 Qb2 26.Qg3 Qxa1 27.Rxa1 Rc1+ 28.Qe1 Rxe1+
29.Rxe1 Rc2 30.Bf3 Bxf3 31.gxf3 Rxa2 32.Rc1 Kg8 33.Rc7 Ra3 34.Rc6 a5 35.Rxe6 Rxb3
36.f4 g6 37.Kg2 a4 38.h4 a3 39.h5 b4 40.hxg6 a2 41.Ra6 Ra3  0-1

[Event "EU-ch U20 Girls"]
[Site "Zanka"]
[Date "1995.??.??"]
[Round "2"]
[White "Medvegy, Nora"]
[Black "Popova, Natalija"]
[Result "1-0"]
[WhiteElo "2235"]
[BlackElo "2065"]

1.e4 c5 2.Nf3 d6 3.d4 cxd4 4.Nxd4 Nf6 5.Nc3 Nc6 6.Bg5 e6 7.Qd2 Be7 8.O-O-O a6
9.f4 Bd7 10.Nf3 h6 11.Bh4 Rc8 12.Kb1 O-O 13.Bxf6 gxf6 14.e5 f5 15.g4 Kh8
16.gxf5 exf5 17.exd6 Bf6 18.Ne5 Bg7 19.Rg1 Nxe5 20.fxe5 Be6 21.Nd5 b5 22.Qd4 Bxd5
23.Qxd5 Qb6 24.Bd3 Rc5 25.Qf3 Rxe5 26.Bxf5 Qd8 27.Bh3 a5 28.d7 Qf6 29.Qxf6 Bxf6
30.Rgf1 Bd8 31.Rde1 Re7 32.Rxe7 Bxe7 33.Re1 Bd8 34.Re8 Kg7 35.c3 f6 36.Bg4 Bb6
37.Re6 Bc7 38.Rc6 Bd8 39.Bh5 f5 40.Rg6+ Kh7 41.Re6 f4 42.Re8 Kg7 43.Kc2 Bg5
44.Bf3 Kf7 45.Kd3 Bf6 46.a3 Bd8 47.Kd4 Bb6+ 48.Kd5 Kg7 49.Re7+ Rf7 50.Ke6 Rxe7+
51.Kxe7 Kg6 52.d8=Q Bxd8+ 53.Kxd8 Kg5 54.Be2 Kf5 55.Bxb5 Ke4 56.Ke7 Kf3 57.c4 h5
58.c5 h4 59.c6 Kg2 60.c7 Kxh2 61.c8=Q f3 62.Qg4  1-0